| 000 | 00786cac a22002171u 4500 | ||
|---|---|---|---|
| 090 | _c5791 | ||
| 008 | 081030t1994 xxu||||| |||| 00| 0 eng d | ||
| 010 | _a93016041 | ||
| 020 | _a0534179827 (alk. paper) | ||
| 082 | 0 | 0 |
_a100 _bPOJ |
| 100 | _aPojman, Louis P. | ||
| 245 | 1 | 0 |
_aPhilosophy : _bthe pursuit of wisdom / _cLouis P. Pojman. |
| 260 |
_aBelmont, Calif. : _bWadsworth Pub., _cc1994. |
||
| 300 |
_axviii, 395 p. : _bill. ; _c24 cm. |
||
| 500 | _aDistributer : Al-Ahram. | ||
| 504 | _aIncludes bibliographical references and index. | ||
| 511 | _aCatalogued By : Mahitab. | ||
| 650 | 0 |
_aPhilosophy _xIntroductions. |
|
| 942 |
_cBB _k100POJ _2ddc |
||
| 999 |
_c5791 _d5791 |
||